Introduccin̤ a la teora̕ de la argumentacin̤

Detalles Bibliográficos
Autor principal: Vega Ren̨̤, Luis
Formato: eBook
Lenguaje:español
Publicado: Lima: Palestra Editores, 2016
Materias:
Acceso en línea:Acceso restringido

MARC

LEADER 00000nam a22000007a 4500
005 2019081907027.0
007 cr|||| ||||
008 190819s2016 pe |||||s|||| 00||0 spa d
020 |a 978-612-4218-36-1 
035 |a 24126 
040 |a vLex 
090 |c 9240  |d 9240 
100 1 |a Vega Ren̨̤, Luis 
245 1 0 |a Introduccin̤ a la teora̕ de la argumentacin̤  |h [Recurso electrn̤ico] /  |c Luis Vega Ren̨̤ 
256 |a Servicio en ln̕ea 
260 |a Lima:  |b Palestra Editores,  |c 2016 
300 |a 1 recurso electrn̤ico 
506 1 |a Disponible solo en los productos indicados  |d vLex Global  |d vLex Global (Academic Edition, excluding Law Schools)  |d vLex Global (U.S. Academic Edition, Law Schools)  |d vLex Global (U.S. Academic Edition, excluding Law Schools)  |d vLex Global (Academic Edition, Law Schools) 
650 0 4 |a Ciencias sociales  |z Per︢ 
740 0 |a vLex Libros (Servicio en ln̕ea) 
856 4 0 |u http://vlex.com/source/introduccion-teoria-argumentacion-24126  |z Acceso restringido 
942 |c BOOK 
999 0 |a Social Sciences